LEADER 05738nam 2200769 450 001 9910795368603321 005 20230730082638.0 010 $a1-63853-645-7 010 $a1-68420-067-9 024 7 $a10.1055/b-006-163724 035 $a(CKB)4950000000162295 035 $a(MiAaPQ)EBC5977194 035 $a10.1055-b-006-163724 035 $a(DE-2912)1576857523889 035 $a(EXLCZ)994950000000162295 100 $a20191210h20192020 uy 0 101 0 $aeng 135 $aurcnu|||||||| 181 $ctxt$2rdacontent 182 $cc$2rdamedia 183 $acr$2rdacarrier 200 10$aOphthalmology Q&A Board Review /$fby: Glass, Lora R. Dagi 210 1$aNew York, New York :$cThieme,$d2019. 210 4$dİ2020 215 $a1 online resource (358 pages) 311 $a1-68420-066-0 327 $aCornea, External Disease, and Anterior Segment / Danielle Trief -- Glaucoma / Veena Rao -- Lens and Cataract / Lisa Park -- Neuro-Ophthalmology / Alverto Distefano -- Oculofacial, Plastics, and Orbit / Lora Glass -- Pediatric Ophthalmology and Strabismus / Euna Koo, Sylvia H. Yoo, Allison R. Loh, Catherine Choi, Mimi Trager Cabrera, and Maanasa Indaram -- Refractive Management and Optics / Craig See -- Retina, Vitreous, and Intraocular Tumors / Tongalp Tezel -- Uveitis / Stephanie Llop. 330 $a"Looking for an efficient and thorough question-based ophthalmology review for residency exams, board review and beyond? Look no further! Ophthalmology Q&A Board Review features a compilation of board review questions curated by expert subspecialists and edited by Harvard- and Columbia University-trained ophthalmologist Lora R. Dagi Glass. The text mirrors the multiple-choice format of the Written Qualifying Examination (WQE) portion of the American Board of Ophthalmology (ABO). The Q&A board prep review encompasses a thorough ophthalmology curriculum, with more than 1,000 questions classified as easy, medium, or hard. Clear and detailed explanations make difficult topics, such as optics, easier to understand. Key Highlights Written and online formats provide multimodal and on-the-go review Each question includes a detailed answer explaining correct and incorrect choices, enhancing learning and knowledge retention A wealth of high-quality images augments the text This book is a great resource for ophthalmology residents preparing for Ophthalmic Knowledge Assessment Program and candidates studying for the ABO. Lora R. Dagi Glass, MD, is an Ophthalmic Plastic and Reconstructive Surgeon at Columbia University Irving Medical Center, New York, New York. An award-winning international medical and scientific publisher, Thieme has demonstrated its commitment to the highest standard of quality in the state-of-the-art content and presentation of all its products. Founded in 1886, the Thieme name has become synonymous with high quality and excellence in online and print publishing"--$cProvided by publisher. 606 $aOphthalmology, Optometry 608 $aExamination Question 615 4$aOphthalmology, Optometry. 676 $a617.70076 700 $aAbdelhakim$b Aliaa H$4aut$4http://id.loc.gov/vocabulary/relators/aut$01549662 702 $aGlass$b Lora R. Dagi$4edt$4http://id.loc.gov/vocabulary/relators/edt 702 $aAdams$b Carolina$4aut$4http://id.loc.gov/vocabulary/relators/aut 702 $aBan$b Norimitsu$4aut$4http://id.loc.gov/vocabulary/relators/aut 702 $aBarmettler$b Anne$4aut$4http://id.loc.gov/vocabulary/relators/aut 702 $aCabrera$b Michelle Trager$4aut$4http://id.loc.gov/vocabulary/relators/aut 702 $aCampbell$b Ashley A$4aut$4http://id.loc.gov/vocabulary/relators/aut 702 $aChoi$b Catherine S$4aut$4http://id.loc.gov/vocabulary/relators/aut 702 $aDistefano$b Alberto Giuseppe$4aut$4http://id.loc.gov/vocabulary/relators/aut 702 $aFrance$b Richard M$4aut$4http://id.loc.gov/vocabulary/relators/aut 702 $aGhadiali$b Larissa Kadar$4aut$4http://id.loc.gov/vocabulary/relators/aut 702 $aGorfinkel$b John$4aut$4http://id.loc.gov/vocabulary/relators/aut 702 $aHussnain$b Syed A$4aut$4http://id.loc.gov/vocabulary/relators/aut 702 $aIndaram$b Maanasa$4aut$4http://id.loc.gov/vocabulary/relators/aut 702 $aJuthani$b Viral$4aut$4http://id.loc.gov/vocabulary/relators/aut 702 $aKoo$b Euna B$4aut$4http://id.loc.gov/vocabulary/relators/aut 702 $aLangevin$b Spencer$4aut$4http://id.loc.gov/vocabulary/relators/aut 702 $aLloyd$b John$4aut$4http://id.loc.gov/vocabulary/relators/aut 702 $aLoh$b Allison R$4aut$4http://id.loc.gov/vocabulary/relators/aut 702 $aMacIntosh$b Peter$4aut$4http://id.loc.gov/vocabulary/relators/aut 702 $aMarr$b Brian P$4aut$4http://id.loc.gov/vocabulary/relators/aut 702 $aPark$b Lisa$4aut$4http://id.loc.gov/vocabulary/relators/aut 702 $aRao$b Veena$4aut$4http://id.loc.gov/vocabulary/relators/aut 702 $aSantiago$b Stephanie M. Llop$4aut$4http://id.loc.gov/vocabulary/relators/aut 702 $aSee$b Craig W$4aut$4http://id.loc.gov/vocabulary/relators/aut 702 $aSharma$b Tarun$4aut$4http://id.loc.gov/vocabulary/relators/aut 702 $aSong$b Christian$4aut$4http://id.loc.gov/vocabulary/relators/aut 702 $aSun$b Grace$4aut$4http://id.loc.gov/vocabulary/relators/aut 702 $aTezel$b Tongalp H$4aut$4http://id.loc.gov/vocabulary/relators/aut 702 $aTrief$b Danielle$4aut$4http://id.loc.gov/vocabulary/relators/aut 702 $aYoo$b Sylvia H$4aut$4http://id.loc.gov/vocabulary/relators/aut 801 0$bDE-2912 906 $aBOOK 912 $a9910795368603321 997 $aUNINA LEADER 01438nas 2200409- 450 001 9910895674503321 005 20210914213022.0 035 $a(DE-599)ZDB3119626-3 035 $a(OCoLC)837684591 035 $a(CKB)1000000000564775 035 $a(CONSER)--2019238997 035 $a(EXLCZ)991000000000564775 100 $a20130410a19979999 --- - 101 0 $aeng 135 $aurmnu|||||||| 181 $ctxt$2rdacontent 182 $cc$2rdamedia 183 $acr$2rdacarrier 200 00$aActa Palaeontologica Romaniae 210 1$a[Bucharest] :$cRomanian Society of Paleontologists 300 $aBegan as a joint publication with the Romanian Society of Paleontologists to present the proceedings in English of the biannual Romanian Symposium on Paleontology. Beginning with vol. 8 (2012), the publication is a regular journal with 2 issues per year. 311 08$a1842-371X 531 $aACTA PALAEONTOL ROM 531 0 $aActa Palaeontol. Rom. 606 $aPaleontology$zRomania$vPeriodicals 606 $aPaleontology$vPeriodicals 606 $aPaleontology$2fast$3(OCoLC)fst01051513 607 $aRomania$2fast 608 $aPeriodicals.$2fast 615 0$aPaleontology 615 0$aPaleontology 615 7$aPaleontology. 712 02$aSocietatea Paleontologilor din România, 906 $aJOURNAL 912 $a9910895674503321 996 $aActa Palaeontologica Romaniae$94251964 997 $aUNINA